00754nam a2200181Ia 4500008004100000020001800041041000800059082002000067100003400087245007200121260003300193300002900226365001700255700003400272906005100306999001900357952019600376230718s9999 xx 000 0 und d a9781584883975 aeng a658.530151bLEU aLeung J. Y-T (Editor)9193847 aHandbook Of SchedulingbAlgorithms, Models And Performance Analysis c2013bChapman And Hall / CRC a1120dRef 1498 C (42535) cRs.b4200.00 aLeung J. Y-T (Editor)9193847 dO:0302917-Sep-2012B:133607-Sep-2012cCOMPb924 c331328d331328 00102ddc3Ref 1498 C (42535)4073aCCEPbCCEPd2012-09-17eTechnical Book ServicesfCOMPg3276.00i1336o658.530151pCCEP-BK-42535r2023-07-18 00:00:00t924v4200.00w2012-09-07yBKz042535